Normal view
MARC view
Entry Personal Name
001 - CONTROL NUMBER
- control field: 43315
003 - CONTROL NUMBER IDENTIFIER
- control field: dpl
005 - DATE AND TIME OF LATEST TRANSACTION
- control field: 20120302115417.0
008 - FIXED-LENGTH DATA ELEMENTS
- fixed length control field: 120302|||a|||||| | ||| d
040 ## - CATALOGING SOURCE
- Original cataloging agency: dpl
- Transcribing agency: dpl
100 ## - HEADING--PERSONAL NAME
- Personal name: D'souza, Y. K.
670 ## - SOURCE DATA FOUND
- Source citation: Work cat.: (dpl): D'souza, Y. K., Functions and areas of journalism /, 1999
670 ## - SOURCE DATA FOUND
- Source citation: Work cat.: (dpl): D'souza, Y. K., Functions and areas of journalism /, 1999
